000 00392nam a2200157Ia 4500
003 OSt
005 20230529143130.0
008 211028s2015 xx 000 0 und d
040 _cAIMIT LIBRARY
041 _aeng
100 _aKorgaonkar, Abid A; Mohammed, Riyaz.
_98576
_e131911
110 _aRiyaz Mohammed
_98577
245 _aTownPage.
260 _aMangalore
_c2015
942 _2ddc
_cPRO
999 _c219957
_d219957